Statistics for Houston Rockets 2020's Starters

Click here to take the quiz!

General Stats

  • This quiz has been taken 92 times
    (29 since last reset)
  • The average score is 11 of 16

Answer Stats

PlayerStarts% Correct
Alperen Şengün2
95%
Jalen Green3
95%
Fred VanVleet1
90%
James Harden1
90%
Clint Capela1
85%
Dillon Brooks1
85%
Russell Westbrook1
85%
Jabari Smith Jr.2
80%
Kevin Porter Jr.3
75%
Eric Gordon1
65%
Christian Wood2
60%
P.J. Tucker2
60%
John Wall1
40%
Danuel House Jr.1
35%
Jae'Sean Tate2
35%
Kenyon Martin Jr.1
20%

Score Distribution

Percentile by Number Answered

Percent of People with Each Score

Your Score History

You have not taken this quiz since the last reset